<?xml version="1.0" encoding="UTF-8"?>
<collection xmlns="http://www.loc.gov/MARC21/slim">
 <record>
  <leader>00706cam a2200193 7i4500</leader>
  <controlfield tag="001">0000055517</controlfield>
  <controlfield tag="005">20080122090000.0</controlfield>
  <controlfield tag="008">071231s2006                            eng  </controlfield>
  <datafield tag="020" ind1="#" ind2="#">
   <subfield code="a">0470092092 </subfield>
  </datafield>
  <datafield tag="020" ind1="#" ind2="#">
   <subfield code="a">9780470092095 </subfield>
  </datafield>
  <datafield tag="090" ind1="0" ind2="0">
   <subfield code="a">QH 512 </subfield>
   <subfield code="b">.B5 2006</subfield>
  </datafield>
  <datafield tag="245" ind1="0" ind2="0">
   <subfield code="a">Biomineralization : </subfield>
   <subfield code="b">medical aspects of solubility  </subfield>
   <subfield code="c">edited by Erich Ko·nigsberger and LanChi &lt;U+000d&gt;&lt;U+000a&gt;Ko·nigsberger.</subfield>
  </datafield>
  <datafield tag="260" ind1="#" ind2="#">
   <subfield code="a">Chichester: </subfield>
   <subfield code="b">J. Wiley, </subfield>
   <subfield code="c">2006.</subfield>
  </datafield>
  <datafield tag="300" ind1="#" ind2="#">
   <subfield code="a">xii, 284 p.: </subfield>
   <subfield code="b">ill.; </subfield>
   <subfield code="c">24 cm..</subfield>
  </datafield>
  <datafield tag="504" ind1="0" ind2="0">
   <subfield code="a">Includes bibliographical references and index</subfield>
  </datafield>
  <datafield tag="650" ind1="0" ind2="0">
   <subfield code="a">Biomineralization </subfield>
  </datafield>
  <datafield tag="700" ind1="1" ind2="1">
   <subfield code="a">Ko·nigsberger, LanChi </subfield>
  </datafield>
  <datafield tag="700" ind1="1" ind2="1">
   <subfield code="a">Ko·nigsberger, Erich </subfield>
  </datafield>
  <datafield tag="999" ind1=" " ind2=" ">
   <subfield code="a">1100049783</subfield>
   <subfield code="b">Book</subfield>
   <subfield code="c">Open Shelf</subfield>
   <subfield code="e">KOLEKSI TERBUKA</subfield>
  </datafield>
 </record>
</collection>
